[Event "4th Prague Challengers"]
[Site "Prague CZE"]
[Date "2022.06.08"]
[Round "1.1"]
[White "Keymer, Vincent"]
[Black "Hracek, Zbynek"]
[Result "1-0"]
[WhiteTitle "GM"]
[BlackTitle "GM"]
[WhiteElo "2675"]
[BlackElo "2564"]
[WhiteFideId "12940690"]
[BlackFideId "300071"]
[EventDate "2022.06.08"]

1. Nf3 d5 2. g3 Nd7 3. d4 Ngf6 4. Bg2 e6 5. a4 c5 6. O-O b6 7. c4 Bb7 8. cxd5
exd5 9. a5 Be7 10. a6 Bc6 11. Ne5 Nxe5 12. dxe5 Nd7 13. Nc3 Nxe5 14. Nxd5 Rc8
15. Bf4 Ng6 16. Ra3 Bxd5 17. Rd3 Nxf4 18. gxf4 O-O 19. Rxd5 Qe8 20. Bh3 Rc7 21.
Bd7 Qb8 22. Qa4 c4 23. e3 c3 24. bxc3 Rxc3 25. Rfd1 Rc5 26. Qe4 Rxd5 27. Qxd5
Rd8 28. Qb7 b5 29. Kg2 b4 30. Ba4 Qxb7+ 31. axb7 Rb8 32. Rd7 Kf8 33. e4 g6 34.
Kf3 Ke8 35. Ke2 b3 36. Kd3 a5 37. e5 Bb4 38. f3 h5 39. Rc7+ Kd8 40. Rd7+ Ke8 41.
h3 h4 42. f5 gxf5 43. f4 1-0

[Event "4th Prague Challengers"]
[Site "Prague CZE"]
[Date "2022.06.08"]
[Round "1.2"]
[White "Sasikiran, Krishnan"]
[Black "Warmerdam, Max"]
[Result "1/2-1/2"]
[WhiteTitle "GM"]
[BlackTitle "GM"]
[WhiteElo "2635"]
[BlackElo "2613"]
[WhiteFideId "5004985"]
[BlackFideId "1048104"]
[EventDate "2022.06.08"]

1. e4 c5 2. Nf3 d6 3. d4 cxd4 4. Nxd4 Nf6 5. Nc3 a6 6. Bg5 e6 7. f4 Qb6 8. Qd2
Qxb2 9. Rb1 Qa3 10. Be2 Be7 11. e5 dxe5 12. fxe5 Nfd7 13. h4 Bb4 14. Rh3 Ba5 15.
Kf1 Nxe5 16. Ncb5 Bxd2 17. Rxa3 Bxg5 18. Nc7+ Kd8 19. Nxa8 Bxh4 20. Nb6 Bf6 21.
Rc3 Nec6 22. Nxc6+ Nxc6 23. Rc4 Kc7 24. Bf3 Rd8 25. Na8+ Kd6 26. Nb6 Kc7 27.
Na8+ Kd6 28. Nb6 Kc7 1/2-1/2

[Event "4th Prague Challengers"]
[Site "Prague CZE"]
[Date "2022.06.08"]
[Round "1.3"]
[White "Pechac, Jergus"]
[Black "Stocek, Jiri"]
[Result "1-0"]
[WhiteTitle "GM"]
[BlackTitle "GM"]
[WhiteElo "2598"]
[BlackElo "2541"]
[WhiteFideId "14926970"]
[BlackFideId "304760"]
[EventDate "2022.06.08"]

1. d4 Nf6 2. c4 e6 3. Nc3 Bb4 4. e3 O-O 5. Bd3 d5 6. Nf3 dxc4 7. Bxc4 c5 8. O-O
Nc6 9. a3 Bxc3 10. bxc3 Qc7 11. Re1 Rd8 12. Ba2 e5 13. Ng5 Rd7 14. d5 e4 15. Qc2
Ne5 16. Nxe4 Nxd5 17. f4 Ng6 18. c4 Nde7 19. Bb2 b6 20. Bb1 Qc6 21. Qf2 f5 22.
Nc3 Bb7 23. e4 Rf8 24. Nd5 fxe4 25. Bxe4 Qd6 26. Be5 Qe6 27. Bf6 Qd6 28. Nxe7+
Nxe7 29. Bxh7+ Kh8 30. Be5 Qh6 31. Bc2 Nc6 32. Re3 Nxe5 33. Rxe5 Rd4 34. Qe2 g6
35. Re7 Qxf4 36. Bxg6 1-0

[Event "4th Prague Challengers"]
[Site "Prague CZE"]
[Date "2022.06.08"]
[Round "1.4"]
[White "Niemann, Hans Moke"]
[Black "Abdusattorov, Nodirbek"]
[Result "1/2-1/2"]
[WhiteTitle "GM"]
[BlackTitle "GM"]
[WhiteElo "2678"]
[BlackElo "2661"]
[WhiteFideId "2093596"]
[BlackFideId "14204118"]
[EventDate "2022.06.08"]

1. d4 Nf6 2. c4 e6 3. Nc3 Bb4 4. e3 O-O 5. Bd3 d5 6. a3 Bxc3+ 7. bxc3 dxc4 8.
Bxc4 c5 9. Ne2 b6 10. O-O Qc7 11. Bd3 Ba6 12. e4 Bxd3 13. Qxd3 Nbd7 14. Bg5 h6
15. Bh4 b5 16. f3 a6 17. g4 Rfc8 18. Qe3 cxd4 19. cxd4 Qb6 20. g5 hxg5 21. Bxg5
Rc2 22. Kh1 e5 23. Rg1 Rac8 24. Rad1 Ra2 25. Rd2 Rcc2 26. Rxc2 Rxc2 27. Qd3 Rc4
28. Be3 Qc7 29. Qd1 g6 30. Qd3 Rc2 31. Rd1 Ra2 32. Rd2 Rxd2 33. Qxd2 Ne8 34.
dxe5 Nxe5 35. Bf4 Nc4 36. Qd5 Qc8 37. Nd4 Nf6 38. Qg5 Qd8 39. Be5 Nxe5 40. Qxe5
Nh5 41. Kg2 a5 42. Kf2 Qh4+ 43. Ke3 Qe1+ 44. Ne2 Qb1 45. Qe8+ Kg7 46. Qe5+ Kg8
47. Qe8+ Kg7 48. Qe5+ Kh7 49. Qd5 Kg7 1/2-1/2

[Event "4th Prague Challengers"]
[Site "Prague CZE"]
[Date "2022.06.08"]
[Round "1.5"]
[White "Michalik, Peter"]
[Black "Krzyzanowski, Marcin"]
[Result "1-0"]
[WhiteTitle "GM"]
[BlackTitle "GM"]
[WhiteElo "2577"]
[BlackElo "2535"]
[WhiteFideId "14907526"]
[BlackFideId "1132199"]
[EventDate "2022.06.08"]

1. d4 Nf6 2. Nf3 d5 3. c4 e6 4. Nc3 Bb4 5. cxd5 exd5 6. Bg5 h6 7. Bh4 O-O 8. e3
Bf5 9. Be2 Nbd7 10. Qb3 Bxc3+ 11. Qxc3 c6 12. Nd2 Re8 13. O-O a5 14. a4 Nf8 15.
f3 Bh7 16. Rfe1 Ne6 17. Bf1 g5 18. Bf2 Nc7 19. b4 Ne6 20. bxa5 Qxa5 21. Qb2 Ra7
22. e4 Rea8 23. h4 Qd8 24. hxg5 hxg5 25. exd5 Nxd5 26. Nc4 Nef4 27. Ra3 Qf8 28.
a5 Nb4 29. d5 Nbxd5 30. Rb3 c5 31. Rxb7 Ne6 32. Ne5 Rxb7 33. Qxb7 Ndc7 34. a6
Qd6 35. a7 Nd8 36. Qb8 Bf5 37. Nc4 Qc6 38. Nb6 1-0

[Event "4th Prague Challengers"]
[Site "Prague CZE"]
[Date "2022.06.09"]
[Round "2.1"]
[White "Keymer, Vincent"]
[Black "Sasikiran, Krishnan"]
[Result "1-0"]
[WhiteTitle "GM"]
[BlackTitle "GM"]
[WhiteElo "2675"]
[BlackElo "2635"]
[WhiteFideId "12940690"]
[BlackFideId "5004985"]
[EventDate "2022.06.08"]

1. Nf3 d5 2. e3 Nf6 3. c4 e6 4. b3 b6 5. Bb2 Bb7 6. g3 Nbd7 7. Bg2 Be7 8. cxd5
exd5 9. O-O O-O 10. Nc3 Re8 11. Rc1 a6 12. Re1 Bf8 13. Re2 Rc8 14. d3 c5 15. d4
c4 16. a4 Ne4 17. Nd2 Nxc3 18. Bxc3 b5 19. bxc4 bxc4 20. e4 dxe4 21. Nxe4 Ba8
22. h4 f5 23. Ng5 Bxg2 24. Kxg2 Nf6 25. Re5 h6 26. Ba5 Qd7 27. Nf3 Bd6 28. Rxe8+
Qxe8 29. Nd2 Qe6 30. Qf3 Ne4 31. Nf1 Qd5 32. Be1 f4 33. Nd2 Nf6 34. Rxc4 Re8 35.
Rc6 Qe6 36. Nc4 Qxe1 37. Nxd6 Rf8 38. Qxf4 Qe6 39. Qf5 Qe7 40. d5 Kh8 1-0

[Event "4th Prague Challengers"]
[Site "Prague CZE"]
[Date "2022.06.09"]
[Round "2.2"]
[White "Warmerdam, Max"]
[Black "Pechac, Jergus"]
[Result "1/2-1/2"]
[WhiteTitle "GM"]
[BlackTitle "GM"]
[WhiteElo "2613"]
[BlackElo "2598"]
[WhiteFideId "1048104"]
[BlackFideId "14926970"]
[EventDate "2022.06.08"]

1. Nf3 d5 2. g3 g6 3. Bg2 Bg7 4. d4 Nf6 5. c4 c6 6. O-O O-O 7. Nc3 dxc4 8. e4 b5
9. Qe2 Bg4 10. e5 Nd5 11. a4 Bf5 12. axb5 Bd3 13. Qd1 e6 14. Re1 a5 15. Bd2 Nxc3
16. bxc3 cxb5 17. Re3 Nc6 18. Ne1 Rc8 19. Nxd3 cxd3 20. Qb1 b4 21. Rxd3 bxc3 22.
Bxc3 Nb4 23. Bxb4 axb4 24. Ra4 Rc4 25. Rxb4 Rxb4 26. Qxb4 Bxe5 27. Qd2 Bg7 28.
d5 exd5 29. Bxd5 Qe7 30. h4 h5 31. Qe3 Qxe3 32. Rxe3 1/2-1/2

[Event "4th Prague Challengers"]
[Site "Prague CZE"]
[Date "2022.06.09"]
[Round "2.3"]
[White "Abdusattorov, Nodirbek"]
[Black "Michalik, Peter"]
[Result "1-0"]
[WhiteTitle "GM"]
[BlackTitle "GM"]
[WhiteElo "2661"]
[BlackElo "2577"]
[WhiteFideId "14204118"]
[BlackFideId "14907526"]
[EventDate "2022.06.08"]

1. e4 e5 2. Nf3 Nf6 3. Nxe5 d6 4. Nf3 Nxe4 5. d4 d5 6. Bd3 Bd6 7. O-O O-O 8. c4
c6 9. Re1 Bf5 10. Qb3 Qd7 11. c5 Bc7 12. Nc3 Nxc3 13. Qxc3 Na6 14. Bd2 Rae8 15.
b4 Bb8 16. a4 Nc7 17. b5 Bxd3 18. Qxd3 Rxe1+ 19. Rxe1 f6 20. Rb1 b6 21. Qc2 cxb5
22. axb5 Rc8 23. c6 Qd6 24. g3 Re8 25. Bf4 Qa3 26. Bxc7 Bxc7 27. Qf5 Qd6 28. Re1
Rd8 29. h4 Qf8 30. h5 Qf7 31. Nh4 Bd6 32. Ng6 Bb4 33. Ne7+ 1-0

[Event "4th Prague Challengers"]
[Site "Prague CZE"]
[Date "2022.06.09"]
[Round "2.4"]
[White "Stocek, Jiri"]
[Black "Niemann, Hans Moke"]
[Result "1-0"]
[WhiteTitle "GM"]
[BlackTitle "GM"]
[WhiteElo "2541"]
[BlackElo "2678"]
[WhiteFideId "304760"]
[BlackFideId "2093596"]
[EventDate "2022.06.08"]

1. d4 Nf6 2. c4 e6 3. Nf3 b6 4. Nc3 Bb4 5. Qb3 c5 6. Bg5 h6 7. Bh4 Nc6 8. d5 Na5
9. Qc2 Nxc4 10. dxe6 dxe6 11. Rd1 Bd7 12. e3 Nxb2 13. Qxb2 Ne4 14. Qxb4 cxb4 15.
Nxe4 Qc7 16. Bg3 Qc2 17. Bd3 Qxa2 18. Nd6+ Ke7 19. O-O Rhd8 20. Be4 a5 21. Nxf7
Ba4 22. Nxd8 Rxd8 23. Ra1 Qc4 24. Bg6 Bc6 25. Ne5 Qd5 26. Nxc6+ 1-0

[Event "4th Prague Challengers"]
[Site "Prague CZE"]
[Date "2022.06.09"]
[Round "2.5"]
[White "Hracek, Zbynek"]
[Black "Krzyzanowski, Marcin"]
[Result "1-0"]
[WhiteTitle "GM"]
[BlackTitle "GM"]
[WhiteElo "2564"]
[BlackElo "2535"]
[WhiteFideId "300071"]
[BlackFideId "1132199"]
[EventDate "2022.06.08"]

1. e4 c5 2. Nf3 Nc6 3. Bb5 g6 4. O-O Bg7 5. d3 e5 6. Nc3 d6 7. Nd5 h6 8. c3 a6
9. Bc4 Nge7 10. b4 cxb4 11. cxb4 O-O 12. Bd2 Kh7 13. Rc1 Be6 14. a4 Bxd5 15.
exd5 Nb8 16. a5 Nd7 17. Re1 f5 18. Qb3 Ng8 19. b5 Nc5 20. Qb1 e4 21. dxe4 fxe4
22. Rxe4 Nxe4 23. Qxe4 Nf6 24. Qb1 Nd7 25. Bd3 axb5 26. Bxg6+ Kh8 27. Qxb5 Nc5
28. Bb1 Qe7 29. Qc4 Rae8 30. Nh4 Qe2 31. Ng6+ Kg8 32. Nxf8 Qxd2 33. Ne6 Nxe6 34.
dxe6 d5 35. Qc2 Qxc2 36. Bxc2 Rxe6 37. Bb3 Rd6 38. Rc5 Bf8 39. Rxd5 Kg7 40. Rb5
Rd7 41. Bd5 Kf6 42. g3 Rc7 43. Bxb7 Rc1+ 44. Kg2 Bc5 45. a6 1-0

[Event "4th Prague Challengers"]
[Site "Prague CZE"]
[Date "2022.06.10"]
[Round "3.1"]
[White "Pechac, Jergus"]
[Black "Keymer, Vincent"]
[Result "1/2-1/2"]
[WhiteTitle "GM"]
[BlackTitle "GM"]
[WhiteElo "2598"]
[BlackElo "2675"]
[WhiteFideId "14926970"]
[BlackFideId "12940690"]
[EventDate "2022.06.08"]

1. d4 Nf6 2. c4 e6 3. Nf3 d5 4. g3 Bb4+ 5. Bd2 Be7 6. Bg2 O-O 7. O-O c6 8. Qc2
Nbd7 9. Bf4 a5 10. Rd1 h6 11. Nc3 dxc4 12. Nd2 Nb6 13. e4 a4 14. a3 Bd7 15. Re1
Qc8 16. Rad1 Rd8 17. h3 c5 18. d5 exd5 19. Nxd5 Nfxd5 20. exd5 Bf8 21. g4 h5 22.
Re5 hxg4 23. Be4 Bd6 24. Bh7+ Kf8 25. Ne4 Bxe5 26. Bxe5 Bf5 27. Qc3 f6 28. Bxf6
Bxh7 29. Bxg7+ Kg8 30. Bh6 Qc7 31. Nf6+ Kf7 32. Nd7 Nxd5 33. Qg7+ Ke6 34. Qxh7
Rxd7 35. Re1+ Kf6 36. Bg5+ Kxg5 37. h4+ Kf6 38. Qh6+ Kf7 39. Qh7+ Kf6 40. Qh6+ 1/2-1/2

[Event "4th Prague Challengers"]
[Site "Prague CZE"]
[Date "2022.06.10"]
[Round "3.2"]
[White "Michalik, Peter"]
[Black "Stocek, Jiri"]
[Result "1/2-1/2"]
[WhiteTitle "GM"]
[BlackTitle "GM"]
[WhiteElo "2577"]
[BlackElo "2541"]
[WhiteFideId "14907526"]
[BlackFideId "304760"]
[EventDate "2022.06.08"]

1. e4 c5 2. Nf3 d6 3. d4 cxd4 4. Nxd4 Nf6 5. Nc3 a6 6. Be2 e5 7. Nf3 Be7 8. Bg5
Nbd7 9. a4 h6 10. Be3 Ng4 11. Bc1 Ngf6 12. Nd2 Nc5 13. Bf3 Be6 14. O-O Rc8 15.
Re1 g5 16. g3 g4 17. Bg2 h5 18. Nf1 h4 19. Ne3 hxg3 20. hxg3 Rh5 21. a5 Bf8 22.
Ra3 Ncd7 23. b4 b5 24. axb6 Qxb6 25. Bd2 Qxb4 26. Rxa6 Qd4 27. Nb5 Qc5 28. c4
Nb8 29. Ra4 Qb6 30. Qa1 Nbd7 31. Ra6 Qb8 32. Nf5 Nxe4 33. Nfxd6+ Nxd6 34. Ra8
Qxa8 35. Nxd6+ Bxd6 36. Bxa8 Rxc4 37. Qa6 Ke7 38. Be3 Bc5 39. Bxc5+ Nxc5 40. Qa5
Kf6 41. Qa3 Ra4 42. Qxc5 Rxa8 43. Qc6 1/2-1/2

[Event "4th Prague Challengers"]
[Site "Prague CZE"]
[Date "2022.06.10"]
[Round "3.3"]
[White "Krzyzanowski, Marcin"]
[Black "Abdusattorov, Nodirbek"]
[Result "1/2-1/2"]
[WhiteTitle "GM"]
[BlackTitle "GM"]
[WhiteElo "2535"]
[BlackElo "2661"]
[WhiteFideId "1132199"]
[BlackFideId "14204118"]
[EventDate "2022.06.08"]

1. Nf3 Nf6 2. c4 d6 3. d4 g6 4. g3 Bg7 5. Bg2 O-O 6. O-O Bf5 7. Nh4 Bc8 8. Nf3
Nbd7 9. Nc3 e5 10. Qc2 Re8 11. dxe5 dxe5 12. Rd1 c6 13. e4 Qe7 14. b3 h6 15. h3
Nh7 16. Na4 b6 17. Be3 Ndf8 18. c5 b5 19. Nb2 Ne6 20. a4 bxa4 21. Rxa4 Nhg5 22.
Nxg5 hxg5 23. b4 Nd4 24. Bxd4 exd4 25. Nc4 Rd8 26. Qd3 Be6 27. Ra6 Qb7 28. Na5
Qxb4 29. Nxc6 Qb3 30. Nxd8 Qxd3 31. Rxd3 Bc4 32. Rd6 Bxd3 33. e5 Rc8 34. e6 fxe6
35. Nxe6 Bf5 36. Nxg7 Kxg7 37. c6 a5 38. Rxd4 Rc7 39. Rd5 Rxc6 40. g4 Be6 41.
Rxa5 Rc1+ 42. Kh2 Rc2 43. Kg3 Rc3+ 44. f3 Kf6 45. Bf1 Bf7 46. Ra6+ Kg7 47. Rd6
Rc5 48. Rd7 Kf6 49. Bd3 Ra5 50. Be4 Rc5 51. Ra7 Rb5 52. Ra6+ Kg7 53. Kf2 Rb2+
54. Kg3 Rb5 55. Rd6 Ra5 56. Rb6 Rc5 57. Kf2 Ra5 58. Ke3 Rc5 59. Kd4 Ra5 60. Rb7
Kf6 61. Bc2 Rd5+ 62. Ke3 Re5+ 63. Kf2 Rc5 64. Be4 Ra5 65. Kg3 Rc5 66. h4 gxh4+
67. Kxh4 g5+ 68. Kg3 Ra5 69. Rb6+ Kg7 70. Kf2 Rc5 71. Ke3 Rc3+ 72. Kd4 Rc4+ 73.
Ke5 Rc5+ 74. Kd6 Ra5 75. Bc6 Kf6 1/2-1/2

[Event "4th Prague Challengers"]
[Site "Prague CZE"]
[Date "2022.06.10"]
[Round "3.4"]
[White "Sasikiran, Krishnan"]
[Black "Hracek, Zbynek"]
[Result "1-0"]
[WhiteTitle "GM"]
[BlackTitle "GM"]
[WhiteElo "2635"]
[BlackElo "2564"]
[WhiteFideId "5004985"]
[BlackFideId "300071"]
[EventDate "2022.06.08"]

1. e4 c5 2. Nf3 Nc6 3. Bb5 e6 4. Bxc6 bxc6 5. d3 Ne7 6. O-O Ng6 7. Ng5 Be7 8.
Qh5 e5 9. f4 Bxg5 10. fxg5 d5 11. Nc3 O-O 12. Qf3 Be6 13. Qg3 Rb8 14. b3 Qa5 15.
Na4 c4 16. dxc4 dxc4 17. Be3 Rfd8 18. h4 Nf4 19. Bxf4 exf4 20. Qxf4 Qd2 21. Qxd2
Rxd2 22. Rf2 Rbd8 23. Raf1 Kf8 24. Nc5 Ke7 25. Kh2 a5 26. Kg3 Rxf2 27. Rxf2 Rd1
28. Nb7 a4 29. bxa4 Ra1 30. e5 Rxa2 31. Nc5 Ra1 32. Kf4 Bd5 33. Ke3 Kd8 34. e6
fxe6 35. Rf7 e5 36. Rxg7 Ra3+ 37. Ke2 Rg3 38. h5 Rxg2+ 39. Kf1 Rxc2 40. h6 c3
41. g6 Rc1+ 42. Kf2 Bc4 43. Nb7+ Kc8 44. Nd6+ Kb8 45. Nxc4 Rf1+ 46. Ke2 1-0

[Event "4th Prague Challengers"]
[Site "Prague CZE"]
[Date "2022.06.10"]
[Round "3.5"]
[White "Niemann, Hans Moke"]
[Black "Warmerdam, Max"]
[Result "1-0"]
[WhiteTitle "GM"]
[BlackTitle "GM"]
[WhiteElo "2678"]
[BlackElo "2613"]
[WhiteFideId "2093596"]
[BlackFideId "1048104"]
[EventDate "2022.06.08"]

1. d4 d5 2. c4 e6 3. Nc3 c5 4. cxd5 cxd4 5. Qa4+ Bd7 6. Qxd4 exd5 7. Qxd5 Nf6 8.
Qd1 Bc5 9. Nf3 O-O 10. a3 Nc6 11. Bg5 h6 12. Bxf6 Qxf6 13. Qxd7 Rfd8 14. Qg4 Ne5
15. Qg3 Qb6 16. Rb1 Rac8 17. e3 Bxa3 18. Bb5 Bxb2 19. O-O Nxf3+ 20. Qxf3 Rxc3
21. Rxb2 a6 22. Qxf7+ Kxf7 23. Bc4+ Rxc4 24. Rxb6 Rd7 25. Rfb1 Rcc7 26. g4 Ke8
27. Kg2 Kd8 28. h4 Kc8 29. R1b3 Rc4 30. f4 a5 31. R6b5 a4 32. Ra3 Rd6 33. Kf3
Kc7 34. Ra5 Ra6 35. Rxa6 bxa6 36. Rd3 Kb6 37. e4 Rc1 38. e5 Ra1 39. Re3 a3 40.
Ke4 a2 41. Re2 g6 42. e6 Kc7 43. Ke5 Kd8 44. f5 gxf5 45. gxf5 Ke7 46. f6+ Kf8
47. e7+ Kf7 48. Kd6 1-0

[Event "4th Prague Challengers"]
[Site "Prague CZE"]
[Date "2022.06.11"]
[Round "4.1"]
[White "Keymer, Vincent"]
[Black "Niemann, Hans Moke"]
[Result "1/2-1/2"]
[WhiteTitle "GM"]
[BlackTitle "GM"]
[WhiteElo "2675"]
[BlackElo "2678"]
[WhiteFideId "12940690"]
[BlackFideId "2093596"]
[EventDate "2022.06.08"]

1. d4 Nf6 2. c4 e6 3. Nf3 d5 4. Nc3 Bb4 5. Qa4+ Nc6 6. e3 O-O 7. Bd2 Re8 8. a3
Bf8 9. h3 h6 10. Rd1 Bd7 11. Qc2 e5 12. dxe5 Nxe5 13. Nxd5 Nxf3+ 14. gxf3 Nxd5
15. cxd5 c6 16. Qb3 cxd5 17. Qxd5 Qc8 18. Bb5 Rd8 19. Bc3 Bxb5 20. Qxb5 Rxd1+
21. Kxd1 Bxa3 22. Bxg7 Kxg7 23. Rg1+ Kf6 24. bxa3 Qc3 25. Rg4 Rd8+ 26. Ke2 Rd2+
27. Kf1 Qd3+ 28. Qxd3 Rxd3 29. Ra4 a6 30. Rb4 Rxa3 31. Rb6+ Kg7 32. Rxb7 a5 33.
f4 a4 34. Ra7 Ra1+ 35. Kg2 a3 36. Kf3 a2 37. f5 Kg8 38. Ra8+ Kg7 39. Ra7 Kg8 40.
f6 Rh1 41. Rxa2 Rxh3+ 42. Kg4 Rh2 43. Kg3 Rh5 44. e4 Kh7 45. Re2 Ra5 46. Kf4 Kg6
47. e5 Ra4+ 48. Re4 Ra2 49. f3 Ra1 50. Rd4 h5 51. Re4 Rh1 52. Re2 Rh4+ 53. Kg3
Ra4 54. Rh2 Rb4 55. Rh1 Ra4 56. Rh4 Ra5 57. Re4 Kf5 58. e6 Ra8 59. exf7 Rf8 60.
Rf4+ 1/2-1/2

[Event "4th Prague Challengers"]
[Site "Prague CZE"]
[Date "2022.06.11"]
[Round "4.2"]
[White "Hracek, Zbynek"]
[Black "Abdusattorov, Nodirbek"]
[Result "1/2-1/2"]
[WhiteTitle "GM"]
[BlackTitle "GM"]
[WhiteElo "2564"]
[BlackElo "2661"]
[WhiteFideId "300071"]
[BlackFideId "14204118"]
[EventDate "2022.06.08"]

1. e4 c5 2. Nf3 e6 3. d4 cxd4 4. Nxd4 a6 5. c4 Nf6 6. Nc3 Qc7 7. Be2 Bb4 8. Nc2
Bd6 9. Be3 O-O 10. Qd2 Be5 11. Nd4 Nc6 12. Rc1 b6 13. g3 Bb7 14. f3 Rad8 15. Kf2
Qb8 16. Rhd1 Ne7 17. b4 Ne8 18. c5 bxc5 19. bxc5 d6 20. Na4 d5 21. Rb1 dxe4 22.
c6 Bxd4 23. Rxb7 Qc8 24. Rxe7 exf3 25. Bxf3 Bxe3+ 26. Qxe3 Rxd1 27. Bxd1 Qxc6
28. Qf3 Qc4 29. Bb3 Qd4+ 30. Kg2 Nf6 31. Qc3 Qe4+ 32. Qf3 Qe5 33. Ra7 Qd4 34.
Ra8 Qd2+ 35. Kh3 Qh6+ 36. Kg2 Qd2+ 37. Kh3 Qh6+ 38. Kg2 1/2-1/2

[Event "4th Prague Challengers"]
[Site "Prague CZE"]
[Date "2022.06.11"]
[Round "4.3"]
[White "Sasikiran, Krishnan"]
[Black "Pechac, Jergus"]
[Result "1/2-1/2"]
[WhiteTitle "GM"]
[BlackTitle "GM"]
[WhiteElo "2635"]
[BlackElo "2598"]
[WhiteFideId "5004985"]
[BlackFideId "14926970"]
[EventDate "2022.06.08"]

1. e4 e5 2. Nf3 Nc6 3. Bb5 Nge7 4. Nc3 Ng6 5. d4 Nxd4 6. Nxd4 exd4 7. Qxd4 c6 8.
Be2 Qb6 9. Be3 Qxb2 10. Rb1 Qa3 11. f4 Qd6 12. O-O f6 13. Bh5 Qxd4 14. Bxd4 Kd8
15. e5 fxe5 16. fxe5 b6 17. Rf7 Ke8 18. Rf2 Bb7 19. Rd2 Be7 20. Re1 Rf8 21. Ne4
Rf7 22. Bc3 Rd8 23. Nd6+ Bxd6 24. Rxd6 Ba6 25. e6 Re7 26. exd7+ Rxd7 27. Rxc6
Bb7 28. Bxg6+ hxg6 29. Rxe7+ Kxe7 30. Rxg6 Kf8 31. Rg4 Bc8 32. Rg3 Rf7 33. Be5
Bf5 34. c3 g6 35. h3 Ke7 36. Re3 Ke6 37. c4 Kd7 38. g4 1/2-1/2

[Event "4th Prague Challengers"]
[Site "Prague CZE"]
[Date "2022.06.11"]
[Round "4.4"]
[White "Warmerdam, Max"]
[Black "Michalik, Peter"]
[Result "1-0"]
[WhiteTitle "GM"]
[BlackTitle "GM"]
[WhiteElo "2613"]
[BlackElo "2577"]
[WhiteFideId "1048104"]
[BlackFideId "14907526"]
[EventDate "2022.06.08"]

1. d4 Nf6 2. c4 e6 3. Nf3 d5 4. Nc3 Be7 5. cxd5 exd5 6. Bf4 c6 7. e3 Bf5 8. Nh4
Bg4 9. Qc2 Nh5 10. h3 Be6 11. Nf3 Nxf4 12. exf4 g6 13. Bd3 Qd6 14. Ne2 Nd7 15.
O-O Nf6 16. Ne5 Nd7 17. Nf3 Nf6 18. f5 gxf5 19. Bxf5 Bxf5 20. Qxf5 Nd7 21. Ng3
O-O-O 22. Ne5 Rdf8 23. Nxf7 Qf6 24. Qxf6 Bxf6 25. Nxh8 Bxd4 26. Rae1 Bxb2 27.
Re7 Rxh8 28. Nf5 Ba3 29. Rg7 Bf8 30. Rf7 Ne5 31. Rf6 Bc5 32. Kh2 d4 33. Rc1 Nd3
34. Rxc5 Nxc5 35. Nxd4 Nd7 36. Rf7 h5 37. f4 a6 38. g3 c5 39. Nf5 Kc7 40. Kg2 c4
41. Ne3 b5 42. g4 hxg4 43. hxg4 Kd6 44. g5 c3 45. g6 Rg8 46. f5 Ne5 47. Rf6+ Kc5
48. Re6 Nc6 49. Nc2 a5 50. Kf3 Nd4+ 51. Nxd4 Kxd4 52. Ke2 b4 53. f6 Rxg6 54.
Rd6+ Ke4 55. f7 Rxd6 56. f8=Q Rd2+ 57. Ke1 Rb2 58. Qe7+ Kd3 59. Qd6+ Ke3 60.
Qe5+ Kd3 61. Qf5+ Ke3 62. Kd1 a4 63. Qe6+ Kd3 64. Qd7+ Kc4 65. Qc6+ Kd3 66. Qb5+
Kd4 67. Qxa4 Kc4 68. Qc6+ Kd4 69. Qb5 Rd2+ 70. Kc1 Rb2 71. Qb6+ Kd3 72. Qc5 Rc2+
73. Kb1 Rb2+ 74. Ka1 Kd2 75. Qf2+ Kd3 76. Qf1+ Kd4 77. Qf3 Kc4 78. Qe4+ Kc5 79.
Qd3 Rd2 80. Qe3+ Kb5 81. Kb1 Rd1+ 82. Kc2 Rd2+ 83. Kc1 Kc4 84. Qb6 Rb2 85. Qc6+
Kd4 86. Qb5 Ke4 87. Qc5 Kd3 88. Qd5+ Ke3 89. Qc4 Kf2 90. a3 bxa3 91. Qxc3 Re2
92. Qc5+ Kg2 93. Qxa3 Kf2 94. Qc5+ Kf3 95. Kd1 Rf2 96. Qf5+ Ke3 97. Qe5+ Kf3 98.
Ke1 Rg2 99. Qf5+ Ke3 100. Qh3+ 1-0

[Event "4th Prague Challengers"]
[Site "Prague CZE"]
[Date "2022.06.11"]
[Round "4.5"]
[White "Stocek, Jiri"]
[Black "Krzyzanowski, Marcin"]
[Result "0-1"]
[WhiteTitle "GM"]
[BlackTitle "GM"]
[WhiteElo "2541"]
[BlackElo "2535"]
[WhiteFideId "304760"]
[BlackFideId "1132199"]
[EventDate "2022.06.08"]

1. d4 Nf6 2. c4 e6 3. Nf3 c5 4. d5 b5 5. Bg5 exd5 6. cxd5 h6 7. Bxf6 Qxf6 8. Qc2
Na6 9. Nc3 Rb8 10. e4 c4 11. Be2 Bd6 12. O-O O-O 13. Rfe1 Re8 14. a4 Nb4 15. Qd2
Bf4 16. Qd1 a6 17. axb5 axb5 18. e5 Bxe5 19. Ne4 Bxh2+ 20. Nxh2 Rxe4 21. Bf3
Rxe1+ 22. Qxe1 Qd6 23. Qe8+ Qf8 24. Qe5 d6 25. Qg3 Qe7 26. Be4 f5 27. Bb1 Nxd5
28. Nf3 Qf6 29. Ra7 Rb7 30. Ra6 Rd7 31. Ra8 Rd8 32. Rb8 b4 33. Qh4 Qxh4 34. Nxh4
Rf8 35. Ng6 Re8 36. Bxf5 Bxf5 37. Rxe8+ Kf7 38. Rd8 Bxg6 39. Rxd6 b3 40. Rxd5 c3 0-1

[Event "4th Prague Challengers"]
[Site "Prague CZE"]
[Date "2022.06.13"]
[Round "5.1"]
[White "Michalik, Peter"]
[Black "Keymer, Vincent"]
[Result "0-1"]
[WhiteTitle "GM"]
[BlackTitle "GM"]
[WhiteElo "2577"]
[BlackElo "2675"]
[WhiteFideId "14907526"]
[BlackFideId "12940690"]
[EventDate "2022.06.08"]

1. e4 c5 2. Nf3 d6 3. Bb5+ Nd7 4. O-O a6 5. Bd3 Ngf6 6. Re1 e6 7. Bf1 b6 8. c4
Bb7 9. Nc3 Ne5 10. d4 Nxf3+ 11. gxf3 g6 12. Bg5 Be7 13. Bh6 g5 14. dxc5 bxc5 15.
f4 Rg8 16. fxg5 Bf8 17. Bxf8 Rxg5+ 18. Bg2 Kxf8 19. Qd2 Nh5 20. Rad1 e5 21. Re3
Rg6 22. Rh3 Nf4 23. Rg3 Qh4 24. Rxg6 hxg6 25. Qxd6+ Kg8 26. f3 Qg5 27. Rd2 Ne6
28. Rf2 Rd8 29. Qb6 Nf4 30. Kh1 Qh4 31. Kg1 Qg5 32. Kh1 Ba8 33. Bf1 Ne6 34. Bh3
Nf4 35. Bf1 Ne6 36. Bh3 Nd4 37. Rg2 Qe7 38. Rg3 Kg7 39. Bf1 Rh8 40. h3 Qh4 41.
Kg2 Qf4 42. Qxc5 Qd2+ 43. Kh1 Rh5 44. Qc8 Qf2 0-1